000 00852caa a22002417a 4500
999 _c410220
_d410220
001 123319
003 UA-OsUOA
005 20200111224821.0
007 ta
008 20170612b un ||||| |||| 00| 0 ukr d
040 _aUA-OsUOA
_bukr
_cUA-OsUOA
_dUA-OsUOA
041 _aukr
080 _a908
090 _a908
_bС60
100 _aСолодухіна Н.
245 _aДоба національно-культурного відродження: Українські Афіни
_cН. Солодухіна
300 _aС. 19–31
650 7 _a908 Краєзнавство
_2UDC
773 0 _0399316
_9416564
_dОстрог НаУОА 2008
_o148879
_tОстрозький краєзнавчий збірник
_w(UA-OsUOA) 113459
942 _cBKA
_2udc
955 _a1